| 000 | 01056nam a2200289 i 4500 | ||
|---|---|---|---|
| 001 | 61689 | ||
| 003 | ES-MaACL | ||
| 005 | 20230906164525.0 | ||
| 007 | t| | ||
| 008 | 031113s1978 sp ||||1| spa d | ||
| 020 | _a84-7214-127-6 | ||
| 245 | 0 | 0 |
_aFacetas de la genética / _cintroducciones de Adrian M. Srb, Ray D. Owen, Robert S. Edgar ; con la colaboración para la edición española de Juan Ramón Medina ; [traducción por Juan Manuel Ibeas Delgado]. |
| 260 |
_aMadrid : _bH. Blume, _c[1978] |
||
| 300 |
_a499 p. : _bil. col. y n. ; _c28 cm. |
||
| 490 | 1 | _aSelecciones de Scientific American | |
| 504 | _aBibliografía: p. 481-493. | ||
| 650 | 0 | 0 |
_aGenética. _913057 |
| 700 | 1 |
_aSrb, Adrian M. _9107829 |
|
| 700 | 1 |
_aOwen, Ray David. _988029 |
|
| 700 | 1 |
_aEdgar, Robert S. _946636 |
|
| 700 | 1 |
_aMedina Precioso, Juan Ramón. _979752 |
|
| 700 | 1 |
_aIbeas Delgado, Juan Manuel. _964987 |
|
| 710 | 2 |
_aScientific American. _96515 |
|
| 830 | 1 |
_aSelecciones de Scientific American _9181289 |
|
| 852 |
_aES-MaACL _jA-8188 |
||
| 999 |
_c61689 _d61689 |
||